000 01053njm a2200253 i 4500
001 5025
003 ES-MaACL
005 20250622050201.0
007 s|r|||||||||||
008 070911s1984 sp ||| g ||||||||1|nspa d
100 1 _aLópez Ruiz, Álvaro
_973942
245 1 0 _aCaos y cosmos
_h[Grabación sonora]
_b: energía y orden natural /
_cinterviene Alvaro López Ruiz.
260 _aMadrid :
_bAteneo de Madrid,
_c1984.
300 _a2 discos (CD-DA) (1 h. 53 min. 26 seg.) ;
_c12 cm.
500 _aDatos basados en la invitación.
518 _aActo organizado por Tribuna Abierta de Socios del Ateneo de Madrid, grabado en la sala de conferencias el jueves, 23 de febrero de 1984, a las 20:00 h.
610 0 4 _aAteneo de Madrid-
_xActos culturales-
_y1984-
_vGrabaciones sonoras
_91899
650 1 4 _aCosmología.
_911389
710 2 _aAteneo de Madrid.
_bTribuna Abierta de Socios.
_92015
852 _aES-MaACL
_jROT 5/7/27
_95142
_cROT
852 _aES-MaACL
_jROT 5/7/28
_9203671
_cROT
942 _2udc
999 _c5025
_d5025